2025/26 PSG 1-1 Arsenal Highlights - Statistics

General Stats
  • This quiz has been taken 56 times
    55 since last reset
  • The average score is 23 of 35
Answer Stats
Hint Answer % Correct
1 David Raya
88%
2 Achraf Hakimi
86%
14 Desire Doue
86%
25 Nuno Mendes
86%
87 Joao Neves
84%
10 Ousmane Dembele
84%
7 Khvicha Kvaratskhelia
81%
5 Marquinhos
81%
17 Vitinha
81%
51 William Pacho
81%
8 Fabian Ruiz
79%
6 Gabriel
77%
6' Kai Havertz
77%
65' Ousmane Dembele
77%
7 Bukayo Saka
74%
9 90+6' Gonçalo Ramos
70%
8 Martin Odegaard
70%
2 William Saliba
67%
29 Kai Havertz
65%
29 83' Bradley Barcola
63%
41 Declan Rice
63%
3 Christian Mosquera
58%
33 95' Warren Zaire-Emery
58%
19 Leandro Trossard
56%
4 106' Lucas Beraldo
56%
5 Piero Hincapie
56%
11 83' Gabriel Martinelli
53%
49 Myles Lewis-Skelly
53%
14 66' Viktor Gyökeres
51%
6 106' Illia Zabarnyi
44%
10 91' Eberechi Eze
42%
20 83' Noni Madueke
40%
12 66' Jurrien Timber
37%
39 Matvei Safonov
35%
36 91' Martin Zubimendi
33%
No matching quizzes found
Score Distribution
Percent of People with Each Score
Percentile by Number Answered
Your Score History
You have not taken this quiz since the last reset